Normal view
MARC view
Entry Personal Name
001 - CONTROL NUMBER
- control field: 17466
003 - CONTROL NUMBER IDENTIFIER
- control field: OSt
005 - DATE AND TIME OF LATEST TRANSACTION
- control field: 20240618153731.0
008 - FIXED-LENGTH DATA ELEMENTS
- fixed length control field: 240618|| aca||aabn | a|a d
040 ## - CATALOGING SOURCE
- Original cataloging agency: OSt
- Transcribing agency: OSt
100 ## - HEADING--PERSONAL NAME
- Personal name: Pecker, Jean Claude
670 ## - SOURCE DATA FOUND
- Source citation: Work cat.: (OSt)8620: Pecker, Jean Claude., Understanding the heavens :, 2001.
